00789cam a2200193 a 450000100100000000500170001000800410002704000250006808200220009310000240011524500670013926000560020630000280026249000530029065000450034383000590038895201330044799900150058000000130320200929145533.0840106s1968 fr a 001 0 fre  aDO-SdBNPbspacBNPHU a621.3747bR233ó1 aRateau, Rene.9440412aL'Oscillographe cathodique et ses applications /cRene Rateau. aParís :bPresses universitaires de France,c1968. a128 p. :bil. ;c18 cm.1 aLe point des connaissances actuelles ;vno. 1297 4aOscilógrafo de rayos catódicos94405 0aLe point des connaissances actuelles ;vno. 129794406 001052708MOaGRbGRcHDd2009-09-02e002344iLF1l0o621.3747 R233óp1303-10r2020-06-25w2020-06-25y2ZPréstamo interno c1241d1241